Jesus on leadership / (Record no. 2033)

MARC details
000 -LEADER
fixed length control field 00920cam a2200265 a 4500
001 - CONTROL NUMBER
control field 4033779
003 - CONTROL NUMBER IDENTIFIER
control field GBCCL
005 - DATE AND TIME OF LATEST TRANSACTION
control field 20241126110415.0
008 - FIXED-LENGTH DATA ELEMENTS--GENERAL INFORMATION
fixed length control field 980429s1998 ilu b 000 0 eng
010 ## -
-- 98024160
020 ## - INTERNATIONAL STANDARD BOOK NUMBER
International Standard Book Number 0842318631 (pbk. : alk. paper)
040 ## - CATALOGING SOURCE
Original cataloging agency DLC
Transcribing agency DLC
Modifying agency DLC
050 00 -
-- BV4597.53.L43
-- W55 1998
082 00 - DEWEY DECIMAL CLASSIFICATION NUMBER
Classification number 253
Edition information 21
Item number WIL
100 1# - MAIN ENTRY--PERSONAL NAME
Personal name Wilkes, C. Gene.
9 (RLIN) 4180
245 10 - TITLE STATEMENT
Title Jesus on leadership /
Statement of responsibility, etc. C. Gene Wilkes.
260 ## - PUBLICATION, DISTRIBUTION, ETC.
Place of publication, distribution, etc. Wheaton, Ill. :
Name of publisher, distributor, etc. Tyndale House Publishers,
Date of publication, distribution, etc. c1998.
300 ## - PHYSICAL DESCRIPTION
Extent xiii, 251 p. ;
Dimensions 21 cm.
504 ## - BIBLIOGRAPHY, ETC. NOTE
Bibliography, etc. note Includes bibliographical references (p. 247-250).
600 00 - SUBJECT ADDED ENTRY--PERSONAL NAME
Personal name Jesus Christ
General subdivision Leadership.
9 (RLIN) 4181
650 #0 - SUBJECT ADDED ENTRY--TOPICAL TERM
Topical term or geographic name entry element Leadership
General subdivision Religious aspects
-- Christianity.
9 (RLIN) 3091
906 ## - LOCAL DATA ELEMENT F, LDF (RLIN)
a 7
b cbc
c orignew
d 1
e ocip
f 19
g y-gencatlg
942 ## - ADDED ENTRY ELEMENTS (KOHA)
Source of classification or shelving scheme Dewey Decimal Classification
Koha item type Books
Koha issues (borrowed), all copies 13
Holdings
Withdrawn status Lost status Source of classification or shelving scheme Damaged status Not for loan Home library Current Library Shelving location Date acquired Total checkouts Full call number Barcode Date last seen Date last checked out Copy number Price effective from Koha item type
    Dewey Decimal Classification     GRACE BIBLE COLLEGE GRACE BIBLE COLLEGE Ministry & Mission 2017-06-09 7 253 WIL 014055 2025-05-01 2024-02-19 c.1 2017-06-09 Books
    Dewey Decimal Classification     GRACE BIBLE COLLEGE GRACE BIBLE COLLEGE Ministry & Mission 2023-01-19 5 253 WIL 020406 2025-05-01 2024-06-19 c.2 2023-01-19 Books
    Dewey Decimal Classification     GRACE BIBLE COLLEGE GRACE BIBLE COLLEGE Ministry & Mission 2023-11-07 1 253 WIL 020641 2025-05-01 2023-12-08 c.3 2023-11-07 Books
© Grace Bible College Library 2025